Sports Quiz

Random Sports or NCAA Quiz

College Football Wins Quiz Stats

 Plays Quiz Updated Jan 16, 2021

     
Support Sporcle.
Go Orange.
Score 0/30 Timer 07:00
65 Plays Today
# Wins Team % Correct
964Michigan Wolverines
94.5%
923Texas Longhorns
94.2%
852USC Trojans
93.7%
743Florida Gators
92.9%
929Alabama Crimson Tide
92.4%
931Ohio State Buckeyes
91.9%
917Oklahoma Sooners
89.6%
918Notre Dame Fighting Irish
88.7%
902Penn State Nittany Lions
83.2%
839Georgia Bulldogs
82.5%
817LSU Tigers
82%
710Michigan State Spartans
79%
905Nebraska Cornhuskers
77.9%
849Tennessee Volunteers
74.4%
782Auburn Tigers
72%
# Wins Team % Correct
719Wisconsin Badgers
71.1%
768Clemson Tigers
70.8%
745Washington Huskies
65.4%
758Texas A&M Aggies
64.5%
720Arkansas Razorbacks
60.7%
757Virginia Tech Hokies
58.7%
705Army Black Knights
58.3%
709Minnesota Golden Gophers
56.7%
706North Carolina Tar Heels
56.5%
740Georgia Tech Yellow Jackets
55.6%
725Navy Midshipmen
54.6%
714Colorado Buffaloes
51.9%
763West Virginia Mountaineers
51.2%
725Syracuse Orange
48.7%
738Pittsburgh Panthers
44.7%

From the Vault

Click the 'G' Flags

by mg10

You can't spell flag without a 'G'. But we're ignoring the other three letters for the time being.
Remove Ads.
Support Sporcle.
Get the best of Sporcle when you Go Orange. This ad-free experience offers more features, more stats, and more fun while also helping to support Sporcle. Thank you for becoming a member.

Show Comments

Extras

Top Quizzes Today


Score Distribution

Your Account Isn't Verified!

In order to create a playlist on Sporcle, you need to verify the email address you used during registration. Go to your Sporcle Settings to finish the process.

Report this User

Report this user for behavior that violates our Community Guidelines.

Details: